| 000 | 00548nam a2200181 a 4500 | ||
|---|---|---|---|
| 001 | 5563 | ||
| 003 | CDMR | ||
| 005 | 20151022114802.0 | ||
| 008 | 130130s1997||||||||||||||||||||||||||||d | ||
| 020 | _a8472833631 | ||
| 040 |
_aCDMR _bcat _cCPC GIRONA |
||
| 110 | 2 |
_994 _aSocietat Catalana de Comunicació |
|
| 245 | 0 |
_aSocietat Catalana de Comunicació _b: història, estatuts i directori 1984-1996 |
|
| 260 |
_c1997 _bSocietat Catalana de Comunicació _aBarcelona |
||
| 300 | _a102 p. | ||
| 700 | 1 |
_92480 _aRomaguera i Ramió, Joaquim |
|
| 942 |
_cMON _2udc |
||
| 999 |
_c5563 _d5563 |
||